Innovaciones en apelación

Uloženo v:
Podrobná bibliografie
Korporativní autor: Colegio de Abogados de Valparaíso A. G (Autor)
Médium: Kniha
Jazyk:španělština
Vydáno: Valparaíso Colegio de Abogados de Valparaíso A. G 1990
Vydání:1a. ed
Témata:
Tagy: Přidat tag
Žádné tagy, Buďte první, kdo vytvoří štítek k tomuto záznamu!

MARC

LEADER 00000cam a2200000 a 4500
001 UCC4769
003 CL-VaPUC
008 180824e19900000cl |||||||||||||||||spa|d
082 0 4 |a 347.08  |b COL  |2 21 
110 2 |a Colegio de Abogados de Valparaíso A. G  |e author  |9 598962 
245 1 0 |a Innovaciones en apelación 
250 |a 1a. ed 
300 |a 20 p 
942 |c BK 
945 |d 20180824 13:39:00  |a dcastane 
260 |a Valparaíso  |b Colegio de Abogados de Valparaíso A. G  |c 1990 
650 0 |a Apelación   |9 296855 
650 0 |a Derecho procesal penal  |9 255496 
650 0 |a Recurso de apelación  |9 380716 
583 |a last modification  |c 20180824 13:39:00  |k Rodrigo Vera 
999 |c 372178  |d 372176 
952 |0 0  |1 0  |2 ddc  |3 erb  |4 0  |6 347_080000000000000_COL_1990  |7 0  |8 A  |9 489460  |a BIBDER  |b BIBDER  |e Mateluna Arestizabal, Alfredo Sergio  |i 5489997  |o 347.08 COL 1990  |p 5489997  |r 2023-01-25  |w 2019-11-24  |y MX  |z Catalogado en:20180824  |k DER